000 00277nam a2200121Ia 4500
005 20260328101448.0
008 260328s9999||||xx |||||||||||||| ||und||
245 0 _aVenturi, Rauch & Scott Brown /
260 _b Rizzoli
300 _a224 p.
650 _aARQUITECTOS
942 _cBK
999 _c8523
_d8523